Personnalités nées dans les années 1930 par images - Statistiques

Statistiques générales
  • Ce quiz a été pris 10 918 fois
    9 738 depuis la dernière actualisation
  • Le résultat moyen est 12 sur 20
Statistiques - réponses
Par images Hint Réponse % Correct
1932-2019 Jacques Chirac
97%
1939-1978 Claude François
92%
1935-1977 Elvis Presley
87%
1930-2012 Neil Armstrong
87%
1936-2025 François
85%
1933-2019 Karl Lagerfeld
80%
1933-1987 Dalida
70%
1932-2023 Geneviève de Fontenay
64%
1934-2025 Brigitte Bardot
63%
1933-2021 Jean-Paul Belmondo
62%
1931-2022 Mikhaïl Gorbatchev
59%
1935-2024 Alain Delon
58%
1934 Pierre Richard
48%
1934-1968 Youri Gagarine
48%
1937-2006 Saddam Hussein
47%
1930-2017 Jean Rochefort
45%
1933 Gérard Hernandez
37%
1938-1982 Romy Schneider
37%
1936-2020 Claude Brasseur
28%
1935 Popeck
19%
Aucun quiz correspondant
Distribution des résultats
% des personnes avec chaque résultat
Percentile par nombre de réponses
Votre historique - résultats
Vous n’avez pas pris ce quiz depuis la dernière actualisation